[Event "NB2 Toth Laszlo csoport"]
[Site "Kecskemet"]
[Date "2024.11.03"]
[Round "1.9"]
[White "Balog, Imre"]
[Black "Talmacsi, Jozsef"]
[Result "0-1"]
[WhiteElo "1879"]
[BlackElo "1993"]
[PlyCount "150"]
[EventDate "2024.11.03"]
[EventType "team-tourn"]
[EventRounds "9"]
[EventCountry "HUN"]
[Source "chess.hu"]
[SourceDate "2024.11.04"]
[WhiteTeam "Bekesi TE"]
[BlackTeam "Neumann J. Egyetem"]
[WhiteTeamCountry "HUN"]
[BlackTeamCountry "HUN"]

1. d4 d5 2. Nf3 Nf6 3. e3 e6 4. c4 a6 5. Bd3 dxc4 6. Bxc4 b5 7. Be2 Bb7 8. O-O
c5 9. a3 Nbd7 10. dxc5 Nxc5 11. Nbd2 Be7 12. b4 Na4 13. Qb3 Rc8 14. Nd4 O-O 15.
Bf3 Bd5 16. Bxd5 Qxd5 17. N2f3 Rfd8 18. Rb1 Ne4 19. Qxd5 Rxd5 20. Bb2 Nb6 21.
Rfc1 Nc4 22. g3 Bf6 23. Kg2 Rdd8 24. Re1 Ned2 25. Nxd2 Nxd2 26. Rbd1 Nc4 27.
Bc1 Bxd4 28. exd4 Rd5 29. f4 h5 30. Kf3 Rcd8 31. Re4 Rc8 32. h3 Nb6 33. Bb2 Rc4
34. Re5 Rc2 35. Re2 Rxe2 36. Kxe2 Kf8 37. Kd3 Ke7 38. g4 hxg4 39. hxg4 g5 40.
Bc1 gxf4 41. Bxf4 Nc4 42. Kc3 Nb6 43. g5 Rf5 44. Bc1 Rf3+ 45. Rd3 Rf1 46. Kc2
Kd6 47. Rg3 Kd5 48. Be3 Nc4 49. Bg1 Nxa3+ 50. Kb3 Nc4 51. g6 fxg6 52. Rxg6 Nd2+
53. Kc2 Nf3 54. Be3 Re1 55. Kd3 Ra1 56. Ke2 Nxd4+ 57. Bxd4 Kxd4 58. Rxe6 Kc3
59. Re4 Ra4 60. Re3+ Kxb4 61. Kd2 Ra2+ 62. Kc1 Rg2 63. Kb1 Ka4 64. Re6 a5 65.
Re5 b4 66. Re4 Ka3 67. Re3+ b3 68. Re1 a4 69. Rf1 Rg3 70. Rh1 Kb4 71. Rh4+ Kc3
72. Rh1 a3 73. Rf1 Re3 74. Rc1+ Kd2 75. Rh1 Re1+ 0-1

[Event "NB2 Toth Laszlo csoport"]
[Site "Kecskemet"]
[Date "2024.11.03"]
[Round "1.10"]
[White "Szili, Istvan"]
[Black "Jozaf, Csaba"]
[Result "1/2-1/2"]
[WhiteElo "1974"]
[BlackElo "1922"]
[PlyCount "28"]
[EventDate "2024.11.03"]
[EventType "team-tourn"]
[EventRounds "9"]
[EventCountry "HUN"]
[Source "chess.hu"]
[SourceDate "2024.11.04"]
[WhiteTeam "Neumann J. Egyetem"]
[BlackTeam "Bekesi TE"]
[WhiteTeamCountry "HUN"]
[BlackTeamCountry "HUN"]

1. e4 c5 2. Nf3 d6 3. c3 d5 4. exd5 Qxd5 5. Bb5+ Bd7 6. Qe2 Nf6 7. O-O e6 8. d4
Nc6 9. Rd1 Qh5 10. h3 a6 11. Ba4 Be7 12. Bg5 cxd4 13. Bxf6 Bxf6 14. Nxd4 Qxe2
1/2-1/2

[Event "NB2 Toth Laszlo csoport"]
[Site "Kecskemet"]
[Date "2024.11.03"]
[Round "1.11"]
[White "Szabo, Mate"]
[Black "Illes-Nagy, Nora"]
[Result "0-1"]
[WhiteElo "1435"]
[BlackElo "1803"]
[PlyCount "158"]
[EventDate "2024.11.03"]
[EventType "team-tourn"]
[EventRounds "9"]
[EventCountry "HUN"]
[Source "chess.hu"]
[SourceDate "2024.11.04"]
[WhiteTeam "Bekesi TE"]
[BlackTeam "Neumann J. Egyetem"]
[WhiteTeamCountry "HUN"]
[BlackTeamCountry "HUN"]

1. e4 c5 2. Nf3 e6 3. d4 cxd4 4. Nxd4 Nc6 5. Nc3 Qc7 6. Bc4 a6 7. Nxc6 bxc6 8.
Qd3 Nf6 9. h3 d5 10. Bb3 Bb4 11. exd5 cxd5 12. O-O O-O 13. a3 Bd6 14. Bg5 Nd7
15. Qd2 Bb7 16. Rad1 Kh8 17. Rfe1 Nb6 18. Qd4 Bc5 19. Qg4 Bxa3 20. bxa3 Qxc3
21. Re3 Qc6 22. Rg3 Rg8 23. Qd4 e5 24. Qxe5 f6 25. Bxf6 Qxf6 26. Qc7 Qc6 27.
Qe5 Rae8 28. Qh5 Qf6 29. Rf3 Qg6 30. Qh4 Re4 31. Rf4 Rxf4 32. Qxf4 Qf6 33. Qc7
Qc6 34. Qf7 Nc4 35. f3 Nxa3 36. Bxd5 Qc5+ 37. Kh1 Bxd5 38. Rxd5 Qxc2 39. Re5
Qg6 40. Qb3 Qb1+ 41. Qxb1 Nxb1 42. Ra5 Ra8 43. Kg1 Kg8 44. Kf2 Nd2 45. Ra4 a5
46. Ke3 Nb3 47. Ra3 a4 48. Kd3 Nc5+ 49. Kc4 Nd7 50. Kb5 Ra7 51. h4 Kf7 52. f4
h5 53. Rxa4 Rxa4 54. Kxa4 Nc5+ 55. Kb5 Nd3 56. Kc4 Nxf4 57. g3 Ne2 58. Kd3 Nxg3
59. Ke3 Nf5+ 60. Kf4 Kg6 61. Kf3 Nxh4+ 62. Kg3 Kg5 63. Kh3 g6 64. Kg3 Nf5+ 65.
Kh2 Kg4 66. Kh1 h4 67. Kg1 Kg3 68. Kh1 Kh3 69. Kg1 g5 70. Kh1 g4 71. Kg1 g3 72.
Kh1 g2+ 73. Kg1 Nd6 74. Kf2 Kh2 75. Ke1 g1=Q+ 76. Ke2 Qg3 77. Kf1 Qg2+ 78. Ke1
Ne4 79. Kd1 Qd2# 0-1

[Event "NB2 Toth Laszlo csoport"]
[Site "Bekesszentandras"]
[Date "2024.11.03"]
[Round "1.1"]
[White "Tapodi, Norman Lajos"]
[Black "Parragi, Istvan"]
[Result "1-0"]
[WhiteElo "2059"]
[BlackElo "1941"]
[PlyCount "75"]
[EventDate "2024.11.03"]
[EventType "team-tourn"]
[EventRounds "9"]
[EventCountry "HUN"]
[Source "chess.hu"]
[SourceDate "2024.11.04"]
[WhiteTeam "Meritum Egyesulet"]
[BlackTeam "Bekesszentandras-KuTE"]
[WhiteTeamCountry "HUN"]
[BlackTeamCountry "HUN"]

1. d4 Nf6 2. c4 c5 3. d5 e6 4. Nc3 exd5 5. cxd5 d6 6. Nf3 g6 7. Nd2 a6 8. a4
Bg7 9. e4 Qe7 10. Be2 Nbd7 11. O-O O-O 12. Re1 g5 13. Bf1 Ne5 14. a5 Ng6 15.
Nc4 Nd7 16. Ra3 Nde5 17. Nb6 Rb8 18. Ne2 Qf6 19. Qd2 h6 20. Ng3 Nf4 21. Nxc8
Rbxc8 22. Nf5 c4 23. Rg3 Ned3 24. Bxd3 cxd3 25. Rxd3 Nxd3 26. Qxd3 Rfe8 27. Bd2
Qg6 28. Bb4 Be5 29. g3 Rcd8 30. b3 Kh7 31. Kg2 Bg7 32. h4 Kg8 33. hxg5 hxg5 34.
Rh1 Bf8 35. g4 Rd7 36. Bc3 f6 37. e5 Rg7 38. exf6 1-0

[Event "NB2 Toth Laszlo csoport"]
[Site "Bekesszentandras"]
[Date "2024.11.03"]
[Round "1.2"]
[White "Deak, Lajos"]
[Black "Retkes, Peter"]
[Result "0-1"]
[WhiteElo "1910"]
[BlackElo "2120"]
[PlyCount "90"]
[EventDate "2024.11.03"]
[EventType "team-tourn"]
[EventRounds "9"]
[EventCountry "HUN"]
[Source "chess.hu"]
[SourceDate "2024.11.04"]
[WhiteTeam "Bekesszentandras-KuTE"]
[BlackTeam "Meritum Egyesulet"]
[WhiteTeamCountry "HUN"]
[BlackTeamCountry "HUN"]

1. e4 e6 2. d4 d5 3. Nc3 Nf6 4. Bg5 Bb4 5. Bd3 h6 6. Bxf6 Qxf6 7. exd5 exd5 8.
Nge2 O-O 9. O-O c6 10. Ng3 Bd6 11. Nce2 Bg4 12. Qd2 Na6 13. c3 Nc7 14. Rae1 Bd7
15. Bb1 Ne6 16. f4 Rfe8 17. Rf2 Nf8 18. Ref1 c5 19. Nc1 c4 20. Nce2 Qe7 21. Bf5
Nh7 22. Qc2 Nf6 23. Bxd7 Qxd7 24. Qf5 Qxf5 25. Nxf5 Bc7 26. Neg3 b5 27. Re2
Rxe2 28. Nxe2 Re8 29. Neg3 b4 30. cxb4 g6 31. Nh4 Rb8 32. f5 g5 33. Nf3 Rxb4
34. Rf2 Bb6 35. h3 Ne4 36. Nh5 Nxf2 37. Kxf2 Rxb2+ 38. Ke3 Bd8 39. Ne5 c3 40.
Nc6 Bc7 41. Nf6+ Kh8 42. Nxd5 Bf4+ 43. Ke4 c2 44. Nd8 c1=Q 45. Nxf7+ Kg7 0-1

[Event "NB2 Toth Laszlo csoport"]
[Site "Bekesszentandras"]
[Date "2024.11.03"]
[Round "1.3"]
[White "Vadkerti, Vince"]
[Black "Brhlik, Gyorgy"]
[Result "1-0"]
[WhiteElo "2036"]
[BlackElo "1928"]
[PlyCount "61"]
[EventDate "2024.11.03"]
[EventType "team-tourn"]
[EventRounds "9"]
[EventCountry "HUN"]
[Source "chess.hu"]
[SourceDate "2024.11.04"]
[WhiteTeam "Meritum Egyesulet"]
[BlackTeam "Bekesszentandras-KuTE"]
[WhiteTeamCountry "HUN"]
[BlackTeamCountry "HUN"]

1. e4 e5 2. Nf3 Nc6 3. Bc4 Bc5 4. c3 Nf6 5. d3 d6 6. O-O O-O 7. Re1 h6 8. h3
Qe7 9. Nbd2 a6 10. a4 Ba7 11. b4 Be6 12. Bxe6 Qxe6 13. Nf1 Rfe8 14. Ng3 Kh7 15.
d4 Ne7 16. Nh4 Neg8 17. d5 Qd7 18. Qf3 Qd8 19. Nhf5 g6 20. Ne3 Bxe3 21. Bxe3
Kg7 22. a5 Rf8 23. c4 Qd7 24. Qe2 Ne7 25. Rac1 g5 26. Rc3 c6 27. Qd2 Rac8 28.
Bxg5 Rh8 29. Bxf6+ Kxf6 30. Nh5+ Kg6 31. Rg3+ 1-0

[Event "NB2 Toth Laszlo csoport"]
[Site "Bekesszentandras"]
[Date "2024.11.03"]
[Round "1.4"]
[White "Kovacs, Tibor T"]
[Black "Havasi, Gergely Bulcsu"]
[Result "1/2-1/2"]
[WhiteElo "1801"]
[BlackElo "1904"]
[PlyCount "35"]
[EventDate "2024.11.03"]
[EventType "team-tourn"]
[EventRounds "9"]
[EventCountry "HUN"]
[Source "chess.hu"]
[SourceDate "2024.11.04"]
[WhiteTeam "Bekesszentandras-KuTE"]
[BlackTeam "Meritum Egyesulet"]
[WhiteTeamCountry "HUN"]
[BlackTeamCountry "HUN"]

1. d4 e6 2. c4 Nf6 3. Nc3 d5 4. cxd5 exd5 5. Bg5 Be7 6. e3 c5 7. dxc5 Qa5 8.
Qa4+ Qxa4 9. Nxa4 h6 10. Bh4 g5 11. Bg3 Ne4 12. Be5 f6 13. Bb5+ Bd7 14. Bxd7+
Nxd7 15. Bd4 Ndxc5 16. Nxc5 Bxc5 17. Bxc5 Nxc5 18. Ke2 1/2-1/2

[Event "NB2 Toth Laszlo csoport"]
[Site "Bekesszentandras"]
[Date "2024.11.03"]
[Round "1.5"]
[White "Retkes, Sandor"]
[Black "Szijarto, Zsolt"]
[Result "0-1"]
[WhiteElo "1976"]
[BlackElo "1939"]
[PlyCount "68"]
[EventDate "2024.11.03"]
[EventType "team-tourn"]
[EventRounds "9"]
[EventCountry "HUN"]
[Source "chess.hu"]
[SourceDate "2024.11.04"]
[WhiteTeam "Meritum Egyesulet"]
[BlackTeam "Bekesszentandras-KuTE"]
[WhiteTeamCountry "HUN"]
[BlackTeamCountry "HUN"]

1. d4 Nf6 2. Nf3 d5 3. Bf4 c6 4. e3 Bf5 5. Nbd2 e6 6. c3 Be7 7. Ne5 Nbd7 8.
Ndf3 h6 9. Nxd7 Nxd7 10. Ne5 Nxe5 11. Bxe5 Bf6 12. Bf4 g5 13. Bg3 Qb6 14. b3 h5
15. h3 c5 16. Be2 h4 17. Bh2 Rc8 18. O-O Qa5 19. Qe1 cxd4 20. b4 Qa3 21. cxd4
Be7 22. Rc1 O-O 23. Rxc8 Rxc8 24. b5 Qxa2 25. f4 Rc2 26. Bf3 Bd3 27. Qa1 Bxf1
28. Qxa2 Rxa2 29. Kxf1 Bd6 30. Be2 a6 31. bxa6 bxa6 32. Kf2 a5 33. Kf3 a4 34.
Bg1 Rxe2 0-1

[Event "NB2 Toth Laszlo csoport"]
[Site "Bekesszentandras"]
[Date "2024.11.03"]
[Round "1.6"]
[White "Mohay, Henrik"]
[Black "Csuri, Laszlo"]
[Result "1-0"]
[WhiteElo "1754"]
[BlackElo "1970"]
[PlyCount "77"]
[EventDate "2024.11.03"]
[EventType "team-tourn"]
[EventRounds "9"]
[EventCountry "HUN"]
[Source "chess.hu"]
[SourceDate "2024.11.04"]
[WhiteTeam "Bekesszentandras-KuTE"]
[BlackTeam "Meritum Egyesulet"]
[WhiteTeamCountry "HUN"]
[BlackTeamCountry "HUN"]

1. e4 c5 2. d4 cxd4 3. Qxd4 Nc6 4. Qd3 Nf6 5. Nc3 g6 6. Nf3 Bg7 7. Be2 O-O 8.
O-O d5 9. Nxd5 Nxd5 10. exd5 Nb4 11. Qd2 Nxd5 12. Rd1 Be6 13. Ng5 Qb6 14. Nxe6
fxe6 15. Bf3 Rad8 16. Qe1 Rf5 17. c4 Nf4 18. Rxd8+ Qxd8 19. Bxf4 Rxf4 20. Qxe6+
Kf8 21. Bd5 Ke8 22. Qg8+ Bf8 23. Qxh7 Qb6 24. Bf3 Qf6 25. Rd1 Qg5 26. Bxb7 Qf6
27. Bf3 Rxc4 28. Qg8 Rc2 29. Qb3 Rc8 30. Bg4 e6 31. Qb5+ Kf7 32. Qd7+ Be7 33.
Qxc8 e5 34. Qc4+ Kg7 35. Qe4 Qg5 36. h4 Qxh4 37. Qxe5+ Bf6 38. Rd7+ Kh6 39.
Qf4+ 1-0

[Event "NB2 Toth Laszlo csoport"]
[Site "Bekesszentandras"]
[Date "2024.11.03"]
[Round "1.7"]
[White "Havasi, Mate Pal"]
[Black "Zsirmik, Zsombor"]
[Result "1/2-1/2"]
[WhiteElo "1777"]
[BlackElo "1748"]
[PlyCount "40"]
[EventDate "2024.11.03"]
[EventType "team-tourn"]
[EventRounds "9"]
[EventCountry "HUN"]
[Source "chess.hu"]
[SourceDate "2024.11.04"]
[WhiteTeam "Meritum Egyesulet"]
[BlackTeam "Bekesszentandras-KuTE"]
[WhiteTeamCountry "HUN"]
[BlackTeamCountry "HUN"]

1. Nf3 b6 2. g3 Bb7 3. Bg2 Nf6 4. c4 c5 5. O-O e6 6. b3 Be7 7. Bb2 O-O 8. d3 d5
9. Nbd2 Nbd7 10. Rb1 Qc7 11. Qc2 e5 12. cxd5 Nxd5 13. a3 Bd6 14. Rbc1 Rac8 15.
e3 Ne7 16. Rfd1 f5 17. Ng5 Bxg2 18. Kxg2 Qc6+ 19. Kg1 h6 20. Qc4+ Qd5 1/2-1/2

[Event "NB2 Toth Laszlo csoport"]
[Site "Bekesszentandras"]
[Date "2024.11.03"]
[Round "1.8"]
[White "Bogar, Attila"]
[Black "Fabian, Istvan"]
[Result "1/2-1/2"]
[WhiteElo "1855"]
[BlackElo "1806"]
[PlyCount "37"]
[EventDate "2024.11.03"]
[EventType "team-tourn"]
[EventRounds "9"]
[EventCountry "HUN"]
[Source "chess.hu"]
[SourceDate "2024.11.04"]
[WhiteTeam "Bekesszentandras-KuTE"]
[BlackTeam "Meritum Egyesulet"]
[WhiteTeamCountry "HUN"]
[BlackTeamCountry "HUN"]

1. e4 g6 2. d4 d6 3. Nf3 Nf6 4. Bd3 Bg7 5. O-O O-O 6. Nc3 c6 7. h3 Nbd7 8. Be3
b5 9. Qd2 Nb6 10. a4 Nc4 11. Bxc4 bxc4 12. e5 Nd5 13. Nxd5 cxd5 14. exd6 exd6
15. Bg5 Bf6 16. Bf4 Qb6 17. a5 Qa6 18. Qb4 Bf5 19. Qxd6 1/2-1/2

[Event "NB2 Toth Laszlo csoport"]
[Site "Bekesszentandras"]
[Date "2024.11.03"]
[Round "1.9"]
[White "Vad, Roland Tibor"]
[Black "Aczel-Szabo, Csongor"]
[Result "1-0"]
[WhiteElo "1774"]
[BlackElo "1677"]
[PlyCount "43"]
[EventDate "2024.11.03"]
[EventType "team-tourn"]
[EventRounds "9"]
[EventCountry "HUN"]
[Source "chess.hu"]
[SourceDate "2024.11.04"]
[WhiteTeam "Meritum Egyesulet"]
[BlackTeam "Bekesszentandras-KuTE"]
[WhiteTeamCountry "HUN"]
[BlackTeamCountry "HUN"]

1. e4 c6 2. b3 d5 3. exd5 cxd5 4. Bb2 Bf5 5. Nf3 Nf6 6. Bb5+ Nbd7 7. O-O a6 8.
Bxd7+ Nxd7 9. Nd4 Bg6 10. f4 Qb6 11. Kh1 f6 12. Re1 e5 13. fxe5 fxe5 14. Qg4
Qf6 15. Nf3 Bd6 16. Nc3 Nb6 17. Qd4 Be7 18. Qxe5 Bxc2 19. Qxf6 gxf6 20. Ba3 Be4
21. Bxe7 Kxe7 22. d3 1-0

[Event "NB2 Toth Laszlo csoport"]
[Site "Bekesszentandras"]
[Date "2024.11.03"]
[Round "1.10"]
[White "Szilagyi, Peter"]
[Black "Havasi, Huba Laszlo"]
[Result "0-1"]
[WhiteElo "1689"]
[BlackElo "1765"]
[PlyCount "70"]
[EventDate "2024.11.03"]
[EventType "team-tourn"]
[EventRounds "9"]
[EventCountry "HUN"]
[Source "chess.hu"]
[SourceDate "2024.11.04"]
[WhiteTeam "Bekesszentandras-KuTE"]
[BlackTeam "Meritum Egyesulet"]
[WhiteTeamCountry "HUN"]
[BlackTeamCountry "HUN"]

1. e4 e6 2. d4 d5 3. exd5 exd5 4. Nf3 Nf6 5. Bg5 Be7 6. Bd3 O-O 7. h3 Re8 8.
O-O c6 9. c3 h6 10. Be3 Nbd7 11. Qc1 Ne4 12. Qc2 Ndf6 13. Nbd2 Bd6 14. Rfe1 Bd7
15. Ne5 Bxe5 16. dxe5 Rxe5 17. f3 Nxd2 18. Qxd2 Qf8 19. Kh2 b6 20. Bc5 Qe8 21.
Rxe5 Qxe5+ 22. f4 Qc7 23. Bd4 Ne4 24. Bxe4 dxe4 25. Be5 Qc8 26. Rd1 Be6 27. g4
Bxa2 28. f5 Qe8 29. Bxg7 Kxg7 30. f6+ Kh7 31. Qf4 Qb8 32. Rd6 Bd5 33. Kg1 Qc8
34. g5 Qxh3 35. g6+ Kxg6 0-1

[Event "NB2 Toth Laszlo csoport"]
[Site "Bekesszentandras"]
[Date "2024.11.03"]
[Round "1.11"]
[White "Dargo, Balazs"]
[Black "Balatoni, Gyorgy"]
[Result "1/2-1/2"]
[WhiteElo "1801"]
[BlackElo "1736"]
[PlyCount "58"]
[EventDate "2024.11.03"]
[EventType "team-tourn"]
[EventRounds "9"]
[EventCountry "HUN"]
[Source "chess.hu"]
[SourceDate "2024.11.04"]
[WhiteTeam "Meritum Egyesulet"]
[BlackTeam "Bekesszentandras-KuTE"]
[WhiteTeamCountry "HUN"]
[BlackTeamCountry "HUN"]

1. e4 c6 2. d4 d5 3. exd5 cxd5 4. Bd3 g6 5. Nf3 Bg7 6. Bf4 Nf6 7. O-O O-O 8.
Nbd2 Nc6 9. c3 Nh5 10. Be3 Re8 11. Re1 Qc7 12. Nf1 Bd7 13. Qd2 Bg4 14. Be2 Nf6
15. Bf4 Qd7 16. Ng3 Rad8 17. h3 Bxf3 18. Bxf3 e6 19. Bg5 Qd6 20. Bf4 Qd7 21.
Re2 Ne7 22. Rae1 Nf5 23. Nxf5 exf5 24. Bg5 Rxe2 25. Rxe2 Rc8 26. Bxf6 Bxf6 27.
Qe3 Rd8 28. g3 Kg7 29. h4 h6 1/2-1/2

[Event "NB2 Toth Laszlo csoport"]
[Site "Bekesszentandras"]
[Date "2024.11.03"]
[Round "1.12"]
[White "Fulajtar, Istvan"]
[Black "Vadkerti, Bori"]
[Result "1/2-1/2"]
[WhiteElo "1678"]
[BlackElo "1650"]
[PlyCount "80"]
[EventDate "2024.11.03"]
[EventType "team-tourn"]
[EventRounds "9"]
[EventCountry "HUN"]
[Source "chess.hu"]
[SourceDate "2024.11.04"]
[WhiteTeam "Bekesszentandras-KuTE"]
[BlackTeam "Meritum Egyesulet"]
[WhiteTeamCountry "HUN"]
[BlackTeamCountry "HUN"]

1. e4 c5 2. Nf3 g6 3. d4 cxd4 4. Nxd4 Nc6 5. Be3 Bg7 6. c3 Nf6 7. Bd3 O-O 8.
O-O d6 9. Qc2 Ng4 10. Qe2 Nxe3 11. fxe3 Bd7 12. Nd2 Ne5 13. N2f3 Nxf3+ 14. Qxf3
h5 15. Qf2 Bc6 16. Nxc6 bxc6 17. Rad1 d5 18. exd5 cxd5 19. Bb1 e6 20. e4 Qa5
21. exd5 exd5 22. Rd2 Rad8 23. Rfd1 Rd7 24. Kh1 Rfd8 25. h3 Qb6 26. Qxb6 axb6
27. a4 d4 28. cxd4 Rxd4 29. Rxd4 Rxd4 30. Rxd4 Bxd4 31. b3 Kg7 32. g3 Kf6 33.
Kg2 Ke5 34. Kf3 g5 35. Bd3 f5 36. Bc4 g4+ 37. hxg4 hxg4+ 38. Kg2 f4 39. gxf4+
Kxf4 40. Bg8 Bc5 1/2-1/2

[Event "NB2 Toth Laszlo csoport"]
[Site "Kecskemet"]
[Date "2024.11.17"]
[Round "2.2"]
[White "Vamos, Viktor"]
[Black "Peczeli, Zoltan"]
[Result "1/2-1/2"]
[WhiteElo "2145"]
[BlackElo "2045"]
[PlyCount "37"]
[EventDate "2024.11.03"]
[EventType "team-tourn"]
[EventRounds "9"]
[EventCountry "HUN"]
[Source "chess.hu"]
[SourceDate "2024.11.17"]
[WhiteTeam "TAKISZ SE"]
[BlackTeam "Meritum Egyesulet"]
[WhiteTeamCountry "HUN"]
[BlackTeamCountry "HUN"]

1. c4 e5 2. Nc3 Nf6 3. g3 Bb4 4. Bg2 O-O 5. e3 Re8 6. Nge2 c6 7. O-O d5 8. cxd5
cxd5 9. d4 e4 10. Qb3 Nc6 11. f3 Bxc3 12. Nxc3 Na5 13. Qd1 exf3 14. Qxf3 Be6
15. b3 Rc8 16. Bd2 b6 17. Nb5 Qd7 18. Na3 Nb7 19. Rac1 1/2-1/2

[Event "NB2 Toth Laszlo csoport"]
[Site "Kecskemet"]
[Date "2024.11.17"]
[Round "2.3"]
[White "Vadkerti, Vince"]
[Black "Keresztes, Mark"]
[Result "1-0"]
[WhiteElo "2036"]
[BlackElo "1992"]
[PlyCount "117"]
[EventDate "2024.11.03"]
[EventType "team-tourn"]
[EventRounds "9"]
[EventCountry "HUN"]
[Source "chess.hu"]
[SourceDate "2024.11.17"]
[WhiteTeam "Meritum Egyesulet"]
[BlackTeam "TAKISZ SE"]
[WhiteTeamCountry "HUN"]
[BlackTeamCountry "HUN"]

1. e4 c5 2. c3 d5 3. exd5 Qxd5 4. d4 Nc6 5. Nf3 e6 6. Be3 cxd4 7. cxd4 Nf6 8.
Nc3 Qa5 9. Bd3 Be7 10. O-O O-O 11. a3 a6 12. b4 Qh5 13. h3 Rd8 14. Rc1 Nd5 15.
Nxd5 Rxd5 16. Be4 Rd8 17. Bxc6 bxc6 18. Ne5 Qxd1 19. Rfxd1 Bb7 20. Nc4 Rac8 21.
Bf4 Rf8 22. Nb6 Rfd8 23. Nxc8 Rxc8 24. Rb1 Rd8 25. a4 Rd5 26. Kf1 Bd8 27. Be3
h6 28. Rdc1 Kh7 29. Rc5 Rd7 30. g3 Bb6 31. Rc4 Bd8 32. h4 Bf6 33. Rbc1 Kg6 34.
Ke1 Be7 35. Kd1 Rd5 36. Kc2 a5 37. bxa5 Rxa5 38. Rb1 Ba8 39. Bd2 Ra7 40. a5 c5
41. dxc5 Bd5 42. Rg4+ Kh7 43. Be3 g6 44. Ra1 f5 45. Rga4 Bxc5 46. Bd4 Be4+ 47.
Kc3 Bxd4+ 48. Kxd4 Kg7 49. a6 Kf6 50. Kc5 Ba8 51. Kb6 Rd7 52. Rc4 Rd2 53. Rc8
Bf3 54. a7 Rb2+ 55. Kc7 Rxf2 56. Rf8+ Ke5 57. Re1+ Kd4 58. Rd8+ Kc3 59. Re3+
1-0

[Event "NB2 Toth Laszlo csoport"]
[Site "Kecskemet"]
[Date "2024.11.17"]
[Round "2.4"]
[White "Donko, Matyas"]
[Black "Havasi, Gergely Bulcsu"]
[Result "1/2-1/2"]
[WhiteElo "1917"]
[BlackElo "1904"]
[PlyCount "27"]
[EventDate "2024.11.03"]
[EventType "team-tourn"]
[EventRounds "9"]
[EventCountry "HUN"]
[Source "chess.hu"]
[SourceDate "2024.11.17"]
[WhiteTeam "TAKISZ SE"]
[BlackTeam "Meritum Egyesulet"]
[WhiteTeamCountry "HUN"]
[BlackTeamCountry "HUN"]

1. e4 e6 2. d4 d5 3. Nd2 dxe4 4. Nxe4 Bd7 5. Bd3 Bc6 6. Nf3 Nd7 7. Qe2 Ngf6 8.
Bd2 Nxe4 9. Bxe4 Bxe4 10. Qxe4 c6 11. O-O-O Nf6 12. Qe2 Be7 13. Kb1 h6 14. Bc1
1/2-1/2

[Event "NB2 Toth Laszlo csoport"]
[Site "Kecskemet"]
[Date "2024.11.17"]
[Round "2.5"]
[White "Retkes, Sandor"]
[Black "Keresztes, Zoltan"]
[Result "0-1"]
[WhiteElo "1976"]
[BlackElo "1903"]
[PlyCount "70"]
[EventDate "2024.11.03"]
[EventType "team-tourn"]
[EventRounds "9"]
[EventCountry "HUN"]
[Source "chess.hu"]
[SourceDate "2024.11.17"]
[WhiteTeam "Meritum Egyesulet"]
[BlackTeam "TAKISZ SE"]
[WhiteTeamCountry "HUN"]
[BlackTeamCountry "HUN"]

1. d4 d5 2. Bf4 Nf6 3. Nf3 e6 4. e3 Be7 5. Nbd2 O-O 6. c3 Nbd7 7. Bd3 c5 8. Ne5
Re8 9. Qf3 Nf8 10. g4 N6d7 11. Nxf7 Qb6 12. Rb1 cxd4 13. exd4 e5 14. Nxe5 Nxe5
15. Bxe5 Bf6 16. Qxd5+ Be6 17. Qf3 Bxe5 18. dxe5 Qc7 19. O-O Rad8 20. Rbd1 Qxe5
21. Bc4 Qg5 22. Bxe6+ Nxe6 23. Ne4 Qa5 24. Rxd8 Nxd8 25. Nd6 Rf8 26. Nf5 Kh8
27. Qe4 Qxa2 28. Rd1 Qf7 29. Qd4 Ne6 30. Qd7 Qg6 31. Ne3 Qf6 32. Qd2 Ng5 33.
Qe2 Nh3+ 34. Kf1 Nxf2 35. Rd5 Nxg4+ 0-1

[Event "NB2 Toth Laszlo csoport"]
[Site "Kecskemet"]
[Date "2024.11.17"]
[Round "2.6"]
[White "Berki, Bela"]
[Black "Csuri, Laszlo"]
[Result "1/2-1/2"]
[WhiteElo "1880"]
[BlackElo "1970"]
[PlyCount "96"]
[EventDate "2024.11.03"]
[EventType "team-tourn"]
[EventRounds "9"]
[EventCountry "HUN"]
[Source "chess.hu"]
[SourceDate "2024.11.17"]
[WhiteTeam "TAKISZ SE"]
[BlackTeam "Meritum Egyesulet"]
[WhiteTeamCountry "HUN"]
[BlackTeamCountry "HUN"]

1. Nf3 Nf6 2. d4 d5 3. Bf4 c5 4. c3 Nc6 5. e3 Qb6 6. Qb3 c4 7. Qxb6 axb6 8. Na3
Ra5 9. Bc7 Nd7 10. Nd2 e6 11. Nc2 Ra8 12. b4 b5 13. Be2 f5 14. O-O Nf6 15. f4
Be7 16. Be5 O-O 17. h3 Bd7 18. a3 Kf7 19. Kh2 h6 20. Bf3 g5 21. Bxf6 Bxf6 22.
Bh5+ Ke7 23. Nf3 Rg8 24. Ne5 Be8 25. Bxe8 Kxe8 26. Nxc6 bxc6 27. g3 Kd7 28. Rg1
Be7 29. Rg2 Bd6 30. Rag1 h5 31. h4 gxh4 32. gxh4 Rg4 33. Rxg4 hxg4 34. Kg3 Ke7
35. Rh1 Kf7 36. Rh2 Kg6 37. Rh1 Kh5 38. Rh2 Rf8 39. Rh1 Be7 40. Rh2 Ra8 41. Rh1
Bd6 42. Ra1 Ra7 43. Rh1 Rh7 44. Rh2 Be7 45. Rh1 Bf6 46. Rh2 Kg6 47. Rh1 Bd8 48.
Rh2 Kh5 1/2-1/2

[Event "NB2 Toth Laszlo csoport"]
[Site "Kecskemet"]
[Date "2024.11.17"]
[Round "2.7"]
[White "Havasi, Mate Pal"]
[Black "Marton, Attila"]
[Result "1/2-1/2"]
[WhiteElo "1777"]
[BlackElo "1918"]
[PlyCount "39"]
[EventDate "2024.11.03"]
[EventType "team-tourn"]
[EventRounds "9"]
[EventCountry "HUN"]
[Source "chess.hu"]
[SourceDate "2024.11.17"]
[WhiteTeam "Meritum Egyesulet"]
[BlackTeam "TAKISZ SE"]
[WhiteTeamCountry "HUN"]
[BlackTeamCountry "HUN"]

1. Nf3 Nf6 2. c4 c5 3. g3 Nc6 4. Bg2 g6 5. O-O Bg7 6. Nc3 O-O 7. d3 d6 8. Bd2
a6 9. Rb1 Rb8 10. a3 b5 11. cxb5 axb5 12. b4 cxb4 13. axb4 d5 14. Qc2 Qd6 15.
Rfc1 Bd7 16. d4 Bf5 17. Bf4 Bxc2 18. Bxd6 Bxb1 19. Bxb8 Rxb8 20. Rxb1 1/2-1/2